Modul vykurovania pre systém riadenia budovy pre firmu Eurohause, s. r. o.

Enregistré dans:
Détails bibliographiques
Auteur principal: Cisár, Vladimír, 1981- (Auteur)
Autres auteurs: Horváth, Tomáš, 1982- (xxx)
Format: Manuscrit Livre
Langue:slovaque
Publié: STU v Bratislave MTF UIAM, 2010
Sujets:
UML
Accès en ligne:VAIS
Tags: Ajouter un tag
Pas de tags, Soyez le premier à ajouter un tag!

MARC

LEADER 00000ntm a22000003a 4500
001 stu206169
005 20160719160234.6
008 100702s2010------------------------slo-d
040 |a STU  |b slo 
041 0 |a slo 
100 1 |a Cisár, Vladimír,  |d 1981-  |4 aut  |X 34159  |7 A000034159 
242 0 0 |a MODULE OF HEATING FOR BUILDING CONTROL SYSTEM FOR EUROHOUSE, S.R.O COMPANY   |y eng 
245 1 |a Modul vykurovania pre systém riadenia budovy pre firmu Eurohause, s. r. o. 
260 |b STU v Bratislave MTF UIAM,  |c 2010 
650 7 |a UML  |2 stusub 
650 7 |a UML  |2 stusub 
700 1 |a Horváth, Tomáš,  |d 1982-  |4 xxx  |X 28012  |7 A000028012 
856 4 |a info a plný text  |u http://is.stuba.sk/zp/portal_zp.pl?podrobnosti=75271  |3 VAIS 
996 |c M*DP-9159  |l MMSKP  |s P  |a 0  |w stu206169_0001